000 00313nam a2200121Ia 4500
008 240624s9999 xx 000 0 und d
041 _aeng
082 _a658.4034 PAN
100 _aPANNEERSELVAM R
245 _aOPERATIONS RESEARCH
260 _c2004
_aNew Delhi
_bPrentice-Hall
300 _axiv, : 490 : p. : cm. ; 24
999 _c5189
_d5189